| 000 | 00350nam a22001457a 4500 | ||
|---|---|---|---|
| 003 | OSt | ||
| 008 | 250529b |||||||| |||| 00| 0 eng d | ||
| 100 | _aSARASWATI, Swami Dayanand | ||
| 245 | _aLight of Truth | ||
| 250 | _a1st | ||
| 260 |
_aNew Delhi _bSarvdeshikarya Pratinidhi Sabha _c2015 |
||
| 300 | _a733 | ||
| 650 | _aGeneral | ||
| 942 |
_2ddc _cBK |
||
| 999 |
_c13609 _d13609 |
||